000 01211naa a22003377a 4500
001 BR7908061
003 BR-BrBNA
005 20240918174519.0
007 ta
008 230509b bl.||||| |||| 00| 0 por d
040 _aBR-BrBNA
_bpor
_cBiblioteca Nacional de Agricultura
041 _a(Pt)
072 _aE70
_b0150
090 _aE70 BR7908061
100 1 _aSimoes, R.H.D.
111 1 _a1. Reuniao de Tecnicos em Rizicultura do Estado de Sao Paulo
_cCampinas, SP (Brazil)
_d5 Mar 1979
245 1 _aAspectos gerais da economia de arroz [comercializacao, mercado]
260 3 _aCampinas, SP (Brasil):
_c1979.
500 _aAnais da 1. Reuniao de Tecnicos em Rizicultura do Estado de Sao Paulo Campinas, SP (Brasil): 1979. p. 33-52 (BR7908061-AM)E70
650 _aARROZ
650 _aESTATISTICA DE PRODUCAO
650 _aMERCADO INTERNACIONAL
650 _aMERCADO NACIONAL
650 _aEXPORTACAO
650 _aIMPORTACAO
650 _aPOLITICA DE PRECO
650 _aPRECO MINIMO
773 0 _tAnais da 1. Reuniao de Tecnicos em Rizicultura do Estado de Sao Paulo
_wE70 BR7908061
_gCampinas, SP (Brasil), 1979. p. 33-52
909 _a202404
_bLucia
_c55
_dLucia Elande
942 _cAM
_2AGRIS
999 _c311712
_d311712